书目信息 |
| 题名: |
典故纪闻
|
|
| 作者: | ||
| 分册: | ||
| 出版信息: | 北京 中华书局 1981.7 |
|
| 页数: | 341页 | |
| 开本: | 20cm | |
| 丛书名: | ||
| 单 册: | ||
| 中图分类: | K247.06 | |
| 科图分类: | ||
| 主题词: | 中国--历史 | |
| 电子资源: | ||
| ISBN: | ||
| 000 | 00494nam0 2200193 45 | |
| 001 | 0312221749 | |
| 005 | 20040506112309.5 | |
| 010 | @dCNY1.05 | |
| 091 | @a11018.950 | |
| 100 | @a20031222d1981 km y0chiy0120 ea | |
| 101 | @achi | |
| 105 | @a z 000yy | |
| 200 | 1 | @a典故纪闻@ADian Gu Ji Wen@e元明史料笔记丛刊 |
| 210 | @a北京@c中华书局@d1981.7 | |
| 215 | @a341页@d20cm | |
| 606 | 0 | @a中国@x历史 |
| 690 | @aK247.06@v3 | |
| 801 | @aCN@bTSTCL@c20031222 | |
| 905 | @dK247.06@e5@f1@b67216@b67219@f1 | |
| 典故纪闻:元明史料笔记丛刊.-北京:中华书局,1981.7 |
| 341页;20cm |
| ISBN :CNY1.05 |
| ● |
| 相关链接 |
|
|
|
|
正题名:典故纪闻
索取号:K206/11
 
预约/预借
| 序号 | 登录号 | 条形码 | 馆藏地/架位号 | 状态 | 备注 |
| 1 | 0067216 | 000644690 | 第二借阅区/ [索取号:K206/11] | 在馆 | |
| 2 | 0067219 | 000644707 | 第二借阅区/ [索取号:K206/11] | 在馆 | |
| 3 | 0067220 | 000644681 | 密集书库/ [索取号:K206/11] | 在馆 |